000 00382nam a2200157Ia 4500
008 230524s9999 xx 000 0 und d
082 _a530.161
_bRES
100 _aRobert Resnick
245 0 _aIntroduction to Special Relativity
250 _a1ST
260 _aNEW DELHI
_bJohn Wiley
_c2005
300 _a226
500 _aQuantity Number: 2
650 _aPhysics
942 _cBK
999 _c15017
_d15017